000
00267pam a2200121 a 4500
020
_c
041
_a
eng
100
_a
Willard Merritt.
245
_a
Instrumental Methods Of Analysis
_h
Textual Documents
260
_a
Delhi:
_b
CBS.
300
_a
1030p.
930
_a
13727
999
_c
90628
_d
90628